书目信息 |
| 题名: |
地下爆破工程
|
|
| 作者: | 杨小林 主编 | |
| 分册: | ||
| 出版信息: | 武汉 武汉理工大学出版社 |
|
| 页数: | 189页 | |
| 开本: | 30cm | |
| 丛书名: | ||
| 单 册: | ||
| 中图分类: | TU94 | |
| 科图分类: | ||
| 主题词: | 地下工程 , 地下工程--施工机具 , 地下建筑物--工程施工 | |
| 电子资源: | ||
| ISBN: | 978-7-5629-3000-6 | |
| 000 | 00615nam0 2200205 450 | |
| 001 | 1238645214 | |
| 005 | 20120407104512.40 | |
| 010 | @a978-7-5629-3000-6@dCNY22.50 | |
| 100 | @a20120407d km y0chiy0120 ea | |
| 101 | 0 | @achi |
| 200 | 1 | @a地下爆破工程@Adi xia bao po gong cheng@f杨小林主编@Fyang xiao lin zhu bian |
| 210 | @a武汉@c武汉理工大学出版社 | |
| 215 | @a189页@d30cm | |
| 606 | 0 | @a地下工程 |
| 606 | 0 | @a地下工程@x施工机具 |
| 606 | 0 | @a地下建筑物@x工程施工 |
| 690 | @aTU94@v4 | |
| 701 | 0 | @a杨小林@Ayang xiao lin@4主编 |
| 801 | 0 | @aCN@b大连网信软件有限公司图书馆·11@c20120407 |
| 905 | @aZUCC@dTU94@eY303 | |
| 地下爆破工程/杨小林主编.-武汉:武汉理工大学出版社 |
| 189页;30cm |
| ISBN 978-7-5629-3000-6:CNY22.50 |
| ● |
| 相关链接 |
|
|
|
正题名:地下爆破工程
索取号:TU94/Y303
 
预约/预借
| 序号 | 登录号 | 条形码 | 馆藏地/架位号 | 状态 | 备注 |
| 1 | 485429 | 204854292 | 土木与交通工程学院资料室/ [索取号:TU94/Y303] | 在馆 |